<?xml version="1.0" encoding="UTF-8"?>
<record
    xmlns:xsi="http://www.w3.org/2001/XMLSchema-instance"
    xsi:schemaLocation="http://www.loc.gov/MARC21/slim http://www.loc.gov/standards/marcxml/schema/MARC21slim.xsd"
    xmlns="http://www.loc.gov/MARC21/slim">

  <leader>02725nam a2200349 a 4500</leader>
  <controlfield tag="001">78028</controlfield>
  <controlfield tag="003">BD-RjUL</controlfield>
  <controlfield tag="005">20211209083059.0</controlfield>
  <controlfield tag="008">210307s2013    bg a|||| m||| 00| 0 ben d</controlfield>
  <datafield tag="035" ind1=" " ind2=" ">
    <subfield code="a">(BD-RjUL)78254</subfield>
  </datafield>
  <datafield tag="040" ind1=" " ind2=" ">
    <subfield code="a">BD-RjUL</subfield>
    <subfield code="b">ben / eng</subfield>
    <subfield code="c">BD-RjUL</subfield>
    <subfield code="d">BD-RjUL</subfield>
  </datafield>
  <datafield tag="041" ind1=" " ind2=" ">
    <subfield code="a">ben</subfield>
  </datafield>
  <datafield tag="082" ind1=" " ind2=" ">
    <subfield code="a">759.95492</subfield>
    <subfield code="b">FAB 2013</subfield>
    <subfield code="2">23</subfield>
  </datafield>
  <datafield tag="100" ind1=" " ind2=" ">
    <subfield code="a">&#x9AB;&#x995;&#x9BF;&#x9B0;, &#x9AE;&#x9BF;&#x99C;&#x9BE;&#x9A8;&#x9C1;&#x9B0; &#x9B0;&#x9B9;&#x9AE;&#x9BE;&#x9A8;</subfield>
    <subfield code="9">245658</subfield>
  </datafield>
  <datafield tag="245" ind1="1" ind2="0">
    <subfield code="a">&#x9AC;&#x9BE;&#x982;&#x9B2;&#x9BE;&#x9A6;&#x9C7;&#x9B6;&#x9C7;&#x9B0; &#x99A;&#x9BE;&#x9B0; &#x9AC;&#x9B0;&#x9C7;&#x9A3;&#x9CD;&#x9AF; &#x9B6;&#x9BF;&#x9B2;&#x9CD;&#x9AA;&#x9C0; &#x993; &#x9A4;&#x9BE;&#x981;&#x9A6;&#x9C7;&#x9B0; &#x99A;&#x9BF;&#x9A4;&#x9CD;&#x9B0;&#x995;&#x9B2;&#x9BE; :</subfield>
    <subfield code="b">&#x99C;&#x9AF;&#x9BC;&#x9A8;&#x9C1;&#x9B2; &#x986;&#x9AC;&#x9C7;&#x9A6;&#x9BF;&#x9A8;, &#x995;&#x9BE;&#x9AE;&#x9B0;&#x9C1;&#x9B2; &#x9B9;&#x9BE;&#x9B8;&#x9BE;&#x9A8;, &#x98F;&#x9B8;. &#x98F;&#x9AE;. &#x9B8;&#x9C1;&#x9B2;&#x9A4;&#x9BE;&#x9A8; &#x993; &#x9AE;&#x9CB;&#x9B9;&#x9BE;&#x9AE;&#x9CD;&#x9AE;&#x9A6; &#x995;&#x9BF;&#x9AC;&#x9B0;&#x9BF;&#x9AF;&#x9BC;&#x9BE; /</subfield>
    <subfield code="c">&#x9AE;&#x9BF;&#x99C;&#x9BE;&#x9A8;&#x9C1;&#x9B0; &#x9B0;&#x9B9;&#x9AE;&#x9BE;&#x9A8; &#x9AB;&#x995;&#x9BF;&#x9B0; ;</subfield>
    <subfield code="6">&#x997;&#x9AC;&#x9C7;&#x9B7;&#x9A3;&#x9BE; &#x9A4;&#x9A4;&#x9CD;&#x9A4;&#x9CD;&#x9AC;&#x9BE;&#x9AC;&#x9A7;&#x9BE;&#x9AF;&#x9BC;&#x995; : &#x9B8;&#x9BF;&#x9A6;&#x9CD;&#x9A7;&#x9BE;&#x9B0;&#x9CD;&#x9A5; &#x9B6;&#x999;&#x9CD;&#x995;&#x9B0; &#x9A4;&#x9BE;&#x9B2;&#x9C1;&#x995;&#x9A6;&#x9BE;&#x9B0;</subfield>
  </datafield>
  <datafield tag="260" ind1=" " ind2=" ">
    <subfield code="a">&#x9B0;&#x9BE;&#x99C;&#x9B6;&#x9BE;&#x9B9;&#x9C0; :</subfield>
    <subfield code="b">&#x99A;&#x9BE;&#x9B0;&#x9C1;&#x995;&#x9B2;&#x9BE; &#x9AC;&#x9BF;&#x9AD;&#x9BE;&#x997;, &#x9B0;&#x9BE;&#x99C;&#x9B6;&#x9BE;&#x9B9;&#x9C0; &#x9AC;&#x9BF;&#x9B6;&#x9CD;&#x9AC;&#x9AC;&#x9BF;&#x9A6;&#x9CD;&#x9AF;&#x9BE;&#x9B2;&#x9AF;&#x9BC;,</subfield>
    <subfield code="c">&#x9E8;&#x9E6;&#x9E7;&#x9E9;</subfield>
  </datafield>
  <datafield tag="300" ind1=" " ind2=" ">
    <subfield code="a">vi, &#x9E9;&#x9EB;&#x9E9; &#x9AA;&#x9BE;&#x9A4;&#x9BE; :</subfield>
    <subfield code="b">&#x99A;&#x9BF;&#x9A4;&#x9CD;&#x9B0; ;</subfield>
    <subfield code="c">&#x9E8;&#x9EF; &#x9B8;&#x9C7;&#x9AE;&#x9BF;.</subfield>
  </datafield>
  <datafield tag="502" ind1=" " ind2=" ">
    <subfield code="a">&#x9A5;&#x9BF;&#x9B8;&#x9BF;&#x9B8; (&#x9AA;&#x9BF;&#x98F;&#x987;&#x99A;. &#x9A1;&#x9BF;.) -- &#x99A;&#x9BE;&#x9B0;&#x9C1;&#x995;&#x9B2;&#x9BE; &#x9AC;&#x9BF;&#x9AD;&#x9BE;&#x997;, &#x9B0;&#x9BE;&#x99C;&#x9B6;&#x9BE;&#x9B9;&#x9C0; &#x9AC;&#x9BF;&#x9B6;&#x9CD;&#x9AC;&#x9AC;&#x9BF;&#x9A6;&#x9CD;&#x9AF;&#x9BE;&#x9B2;&#x9AF;&#x9BC;, &#x9E8;&#x9E6;&#x9E7;&#x9E9;</subfield>
  </datafield>
  <datafield tag="504" ind1=" " ind2=" ">
    <subfield code="a">&#x997;&#x9CD;&#x9B0;&#x9A8;&#x9CD;&#x9A5;&#x9AA;&#x99E;&#x9CD;&#x99C;&#x9C0; : &#x9AA;&#x9BE;&#x9A4;&#x9BE; &#x9E9;&#x9EA;&#x9EC;-&#x9E9;&#x9EB;&#x9E9;</subfield>
  </datafield>
  <datafield tag="600" ind1=" " ind2=" ">
    <subfield code="a">&#x986;&#x9AC;&#x9C7;&#x9A6;&#x9BF;&#x9A8;, &#x99C;&#x9AF;&#x9BC;&#x9A8;&#x9C1;&#x9B2;,</subfield>
    <subfield code="d">--&#x9E7;&#x9EF;&#x9E7;&#x9EA;-&#x9E7;&#x9EF;&#x9ED;&#x9EC;</subfield>
    <subfield code="x">&#x9B8;&#x9AE;&#x9BE;&#x9B2;&#x9CB;&#x99A;&#x9A8;&#x9BE; &#x98F;&#x9AC;&#x982; &#x9AC;&#x9CD;&#x9AF;&#x9BE;&#x996;&#x9CD;&#x9AF;&#x9BE;</subfield>
    <subfield code="c">	 </subfield>
    <subfield code="9">245728</subfield>
  </datafield>
  <datafield tag="600" ind1=" " ind2=" ">
    <subfield code="a">Abedin, Zainul,</subfield>
    <subfield code="d">--1914-1976</subfield>
    <subfield code="x">Criticism and interpretation.</subfield>
    <subfield code="q">	</subfield>
    <subfield code="9">245729</subfield>
  </datafield>
  <datafield tag="600" ind1=" " ind2=" ">
    <subfield code="a">&#x9B9;&#x9BE;&#x9B8;&#x9BE;&#x9A8;, &#x995;&#x9BE;&#x9AE;&#x9B0;&#x9C1;&#x9B2;, </subfield>
    <subfield code="d">--&#x9E7;&#x9EF;&#x9E8;&#x9E7; - &#x9E7;&#x9EF;&#x9EE;&#x9EE;</subfield>
    <subfield code="x">&#x9B8;&#x9AE;&#x9BE;&#x9B2;&#x9CB;&#x99A;&#x9A8;&#x9BE; &#x98F;&#x9AC;&#x982; &#x9AC;&#x9CD;&#x9AF;&#x9BE;&#x996;&#x9CD;&#x9AF;&#x9BE;</subfield>
    <subfield code="9">245730</subfield>
  </datafield>
  <datafield tag="600" ind1=" " ind2=" ">
    <subfield code="a">Hassan, Quamrul,  </subfield>
    <subfield code="d">--1921-1988</subfield>
    <subfield code="x">Criticism and interpretation.</subfield>
    <subfield code="9">245731</subfield>
  </datafield>
  <datafield tag="600" ind1=" " ind2=" ">
    <subfield code="a">&#x9B8;&#x9C1;&#x9B2;&#x9A4;&#x9BE;&#x9A8;, &#x98F;&#x9B8;. &#x98F;&#x9AE;. ,</subfield>
    <subfield code="d">--&#x9E7;&#x9EF;&#x9E8;&#x9E9; - &#x9E7;&#x9EF;&#x9EF;&#x9EA;</subfield>
    <subfield code="x">&#x9B8;&#x9AE;&#x9BE;&#x9B2;&#x9CB;&#x99A;&#x9A8;&#x9BE; &#x98F;&#x9AC;&#x982; &#x9AC;&#x9CD;&#x9AF;&#x9BE;&#x996;&#x9CD;&#x9AF;&#x9BE;</subfield>
    <subfield code="9">245732</subfield>
  </datafield>
  <datafield tag="600" ind1=" " ind2=" ">
    <subfield code="a">Sultan, S. M. , </subfield>
    <subfield code="d">--1923-1994</subfield>
    <subfield code="x">Criticism and interpretation.</subfield>
    <subfield code="9">245733</subfield>
  </datafield>
  <datafield tag="600" ind1=" " ind2=" ">
    <subfield code="a">&#x995;&#x9BF;&#x9AC;&#x9B0;&#x9BF;&#x9AF;&#x9BC;&#x9BE;, &#x9AE;&#x9CB;&#x9B9;&#x9BE;&#x9AE;&#x9CD;&#x9AE;&#x9A6;, </subfield>
    <subfield code="d">--&#x9E7;&#x9EF;&#x9E8;&#x9EF; -  &#x9E8;&#x9E6;&#x9E7;&#x9E7;</subfield>
    <subfield code="x">&#x9B8;&#x9AE;&#x9BE;&#x9B2;&#x9CB;&#x99A;&#x9A8;&#x9BE; &#x98F;&#x9AC;&#x982; &#x9AC;&#x9CD;&#x9AF;&#x9BE;&#x996;&#x9CD;&#x9AF;&#x9BE;</subfield>
    <subfield code="9">245734</subfield>
  </datafield>
  <datafield tag="600" ind1=" " ind2=" ">
    <subfield code="a">Kibria, Mohammad,</subfield>
    <subfield code="d">--1929-2011</subfield>
    <subfield code="x">Criticism and interpretation.</subfield>
    <subfield code="9">245735</subfield>
  </datafield>
  <datafield tag="650" ind1=" " ind2=" ">
    <subfield code="a">&#x99A;&#x9BF;&#x9A4;&#x9CD;&#x9B0;&#x995;&#x9B2;&#x9BE;, &#x9AC;&#x9BE;&#x982;&#x9B2;&#x9BE;&#x9A6;&#x9C7;&#x9B6;&#x9C0;</subfield>
    <subfield code="y">&#x9E7;&#x9EF;&#x9E7;&#x9EA;-&#x9E8;&#x9E6;&#x9E7;&#x9E7;</subfield>
    <subfield code="9">245706</subfield>
  </datafield>
  <datafield tag="650" ind1=" " ind2=" ">
    <subfield code="a">Painting, Bangladeshi</subfield>
    <subfield code="y">1914-2011</subfield>
    <subfield code="9">245707</subfield>
  </datafield>
  <datafield tag="700" ind1=" " ind2=" ">
    <subfield code="a">&#x9A4;&#x9BE;&#x9B2;&#x9C1;&#x995;&#x9A6;&#x9BE;&#x9B0;, &#x9B8;&#x9BF;&#x9A6;&#x9CD;&#x9A7;&#x9BE;&#x9B0;&#x9CD;&#x9A5; &#x9B6;&#x999;&#x9CD;&#x995;&#x9B0;, &#x997;&#x9AC;&#x9C7;&#x9B7;&#x9A3;&#x9BE; &#x9A4;&#x9A4;&#x9CD;&#x9A4;&#x9CD;&#x9AC;&#x9BE;&#x9AC;&#x9A7;&#x9BE;&#x9AF;&#x9BC;&#x995;</subfield>
    <subfield code="9">245663</subfield>
  </datafield>
  <datafield tag="942" ind1=" " ind2=" ">
    <subfield code="2">ddc</subfield>
    <subfield code="c">THE</subfield>
  </datafield>
  <datafield tag="999" ind1=" " ind2=" ">
    <subfield code="c">78028</subfield>
    <subfield code="d">78028</subfield>
  </datafield>
  <datafield tag="952" ind1=" " ind2=" ">
    <subfield code="0">0</subfield>
    <subfield code="1">0</subfield>
    <subfield code="2">ddc</subfield>
    <subfield code="4">0</subfield>
    <subfield code="7">1</subfield>
    <subfield code="8">THESES</subfield>
    <subfield code="a">RUCL</subfield>
    <subfield code="b">RUCL</subfield>
    <subfield code="c">Doc/The</subfield>
    <subfield code="d">2015-11-25</subfield>
    <subfield code="e">Controller of Exam., R.U</subfield>
    <subfield code="l">0</subfield>
    <subfield code="o">BTHE 759.95492 FAB 2013</subfield>
    <subfield code="r">2021-03-07 00:00:00</subfield>
    <subfield code="t">C-1</subfield>
    <subfield code="w">2021-03-07</subfield>
    <subfield code="y">THE</subfield>
  </datafield>
</record>
